LEADER 00700nam a2200193 i 4500 001 000000170387 003 CaOOAMICUS 005 20080321000000.0 008 080321n it u000 u fre u 013 $a147798 040 $aSeMil$bita 245 12$aL'anneau d'amethyste. 250 $aQuatre-vingt-treizième édition. 300 $a419 p. 700 1 $aFrance, Anatole,$d<1844-1924>.$0(OLS)http://semarc/name/1142 773 0 $aFrance, Anatole <1844-1924>$tHistoire contemporaine.$dParis : Calmann-Lévy, [19-?]$g3$w()19330 850 $aSeMil 852 $aSeMil$W1$xVenegono$y1$m1V II 21$j121277$B121277$CSeMilBibl$Z2$F132628 $81 996 $6245$aL'anneau d'amethyste$9(OLS)http://semarc/title/243695 LEADER 00481nab a2200133 i 4500 001 000000319050 003 CaOOAMICUS 005 20180831173259.0 008 180831n xx uu u0 0und r 013 $a28677 040 $aSeMil$bita 100 1 $aBeretta, Francesco <1987- >.$0(OLS)http://semarc/name/25085 245 10$aSettimana pastorale: I tanti modi di essere prete per la gente. 996 $6245$aSettimana pastorale: I tanti modi di essere prete per la gente$9(OLS)http://semarc/title/392843